Science Quiz

Random Science or Letter Quiz

5-Letter Bones Quiz Stats

 Plays Quiz Updated Nov 29, 2013

Also try: Human Bones
Challenge
Share
Tweet
Embed
Score 0/9 Timer 03:00
2 Plays Today
Part of the Body Bone % Correct
ThighsFemur
92.5%
LegsTibia
85.7%
Middle EarIncus
57.6%
PelvisIlium
40.6%
ThroatHyoid
39.8%
PelvisPubis
32%
Facial BonesNasal
29.7%
FeetTalus
23.2%
Facial BonesVomer
17%

You're not logged in!

Compare scores with friends on all Sporcle quizzes.
Join for Free
OR
Log In

You Might Also Like...

Show Comments

Extras

Top Quizzes Today


Score Distribution

Your Account Isn't Verified!

In order to create a playlist on Sporcle, you need to verify the email address you used during registration. Go to your Sporcle Settings to finish the process.

Report this User

Report this user for behavior that violates our Community Guidelines.

Details: